000 00504 a2200181 4500
003 OSt
005 20240131100920.0
008 240131b |||||||| |||| 00| 0 eng d
020 _a8182718511
040 _coclc
082 _a342.54
_bKAB/P
100 _aKabeer, V A
_91846
245 _aPothu Civilcode Hinducode Muthalaq /
_cV.A. Kabeer
250 _a2nd ed.
260 _aKozhikode:
_bIPH Books,
_c2023.
300 _a168p.
942 _2ddc
_cBK
_h342.54
_iKAB/P
_k342.54
_mKAB/P
999 _c43384
_d43384